000 004410000a22001690004500
003 MACL
005 20150705131007.0
008 150705b xxu||||| |||| 00| 0 eng d
040 _aMACL
_cMACL
041 _aEnglish
100 _aAneesh, A
_9791
245 _aVirtual Migration
_bThe Programming of Globalization
260 _bPearson Education
_c2007
_aNew Delhi
350 _a425
650 _aMigration
_9792
942 _cBK
_k304.8/ANE
_2ddc
999 _c42918
_d42918